[Event "Kastoria op 1st"]
[Site "Kastoria"]
[Date "1996.07.17"]
[Round "1.9"]
[White "Printezis, Antonios Georgios"]
[Black "Maksimovic, Branimir"]
[Result "0-1"]
[WhiteElo "1610"]
[BlackElo "2395"]
[PlyCount "38"]
[EventDate "1996.07.17"]
[EventType "swiss"]
[EventRounds "9"]
[EventCountry "GRE"]
[SourceTitle "EXT 2024"]
[Source "ChessBase"]
[SourceDate "2023.10.10"]
[SourceVersion "1"]
[SourceVersionDate "2023.10.10"]
[SourceQuality "1"]

1. d4 Nf6 2. c4 e6 3. Nc3 Bb4 4. Qc2 d5 5. Bg5 dxc4 6. e3 b5 7. Nf3 Bb7 8. Be2 h6 9. Bxf6 Qxf6 10. 0-0 a6 11. b3 cxb3 12. axb3 0-0 13. Ne4 Qe7 14. Rfc1 Nd7 15. Ne5 Nxe5 16. dxe5 Ba3 17. Bf3 Bxc1 18. Nf6+ gxf6 19. Bxb7 Rab8 0-1